| 000 | 00368nam a2200145Ia 4500 | ||
|---|---|---|---|
| 008 | 230312s9999||||xx |||||||||||||| ||und|| | ||
| 020 | _a1-25-909701-0 | ||
| 082 |
_a616.1 _bWAL-H |
||
| 100 | _awalsh;fang | ||
| 245 | 0 | _aHurst's the Heart manual of cardiology | |
| 260 |
_bMc grawhill _anew york _c2013 |
||
| 300 | _a882 | ||
| 650 |
_aMedical _vCardiology |
||
| 942 | _cBK | ||
| 999 |
_c13442 _d13442 |
||